00705nam a2200193 a 4500008004100000020001500041050001600056100002000072245002700092246003500119260004200154300002200196350000900218650001400227650001400241995010800255999001700363952013100380061107s1985 ||||||||||||||||| || u a0198741332 aHD 111 Ilb. aIlbery, Brian W10aAgricultural geography aa social and economic analysis aOxfordbOxford University Pressc1985 axv ; 229p. ; ill. a0.00 aGEOGRAPHY aTEXTBOOKS D0.00FCBU-MAIN LIBRARY (Kitwe)H1I0.00M1UAVAILABLEWNov 7, 2006ZMain Library Open Access Collection c33921d33921 00102lcc4070a001b001cMain Library Open Access Collectiond2022-11-30l0oHD 111 Ilb.p52632r2022-11-30w2022-11-30y002